00577cam a2200181 a 450000100100000000500170001000800410002704000250006808200180009310000580011124500520016926000380022130000170025949000180027650500350029465000450032983000210037400000160420200929145632.0780209s1976 enk 001 1 eng  aDO-SdBNPbspacBNPHU a823.08bM449s1 aMaugham, W. Somersetq(William Somerset),d1874-1965.10aCollected short stories /cW. Somerset Maugham. aLondres :bPenguin Books,c1976-. av. ;c18 cm.1 aA pequin book0 av. 4 : Collected short stories 4aBritánicoszPaises ExtranjerosvNOVELA 0aA pequin bookn6